Movies Quiz

Random Movies or Nintendo Quiz

British films by opening lines Quiz Stats

 Plays Quiz not verified by Sporcle

Challenge
Share
Tweet
Embed
Score 0/12 Timer 05:00
0 Plays Today
Line Film % Correct
'Choose life, choose a job, choose a career, choose a family, choose a **** big television'Trainspotting
88%
'Himy, would you listen to this?' - 'do we have a choice?'Snatch
58.6%
'Right, let's sort the buyers from the spyers, the needy from the greedy, and those who trust me from the ones who don't' Lock Stock and Two Smoking Barrels
49.8%
'Agh, Bastard' Brassed Off
40.6%
'waay, nice flares nicky' - 'piss off!'This is England
40.6%
'**** me, if I knew we was going to a Bar Mitzvah I'de have brought my **** skull cap'Green Street
36.5%
'Getting beat up by football hooligans is like having VD, the **** pain goes on forever'Football Factory
30.1%
'when I was born the world was a far simpler place, it was all just cops and robbers... then came the summer of love, hashish and LCD arrived on the scene'Layer Cake
18.1%
'Shifty... yes rood boy! come here'Shifty
9.6%
'My old man says, beacuse he's a **** and he's west ham you gotta kill the **** twice'Cass
8.8%
'God will forgive them, he'll forgive them and allow them into heaven...I can't live with that'Dead Man's Shoes
8.8%
'What, with Scotland Yard breathing down my neck, **** off!... do me a favor''Gangster No 1
5.6%

You're not logged in!

Compare scores with friends on all Sporcle quizzes.
Join for Free
OR
Log In

You Might Also Like...

Show Comments

Extras

Top Quizzes Today


Score Distribution

Your Account Isn't Verified!

In order to create a playlist on Sporcle, you need to verify the email address you used during registration. Go to your Sporcle Settings to finish the process.

Report this User

Report this user for behavior that violates our Community Guidelines.

Details: